Andrea /

Main Author: Thomas, Adrienne, 1897-1980
Other Authors: Mládeková, Eva, 1949-, Lengyel, Ján, 1947-
Language: Slovak
Published: Bratislava : Mladé letá, 1985
Edition: 1. vydanie
Series: Klub mladých čitateľov
Physical Description: 258 stran : ilustrace
Book
Saved in:
LEADER 01474nam a22004092i 4500
001 001507165
003 CZ BrMZK
005 20160525125324.0
007 ta
008 160125s1985 xo a er|||||||||||slo d
040 |a ABA001  |b cze  |c ABA001  |d ABA001  |d BOA001  |e rda 
041 1 |a slo  |h ger 
072 7 |a 821.112.2-3  |x Německá próza, německy psaná  |2 Konspekt  |9 25 
080 |a 821-93  |2 MRF 
080 |a (0:82-311.3)  |2 MRF 
080 |a 821.112.2(436)-31  |2 MRF 
080 9 |a 830(436)-93=854 
100 1 |a Thomas, Adrienne,  |d 1897-1980  |7 xx0033967  |4 aut 
245 1 0 |a Andrea /  |c Adrienne Thomasová ; z nemeckého originálu preložila Eva Mládeková ; ilustroval Ján Lengyel 
250 |a 1. vydanie 
264 1 |a Bratislava :  |b Mladé letá,  |c 1985 
300 |a 258 stran :  |b ilustrace 
336 |a text  |b txt  |2 rdacontent 
337 |a bez média  |b n  |2 rdamedia 
338 |a svazek  |b nc  |2 rdacarrier 
490 1 |a Klub mladých čitateľov 
521 8 |a Určeno pro čtenáře od 11 let 
655 7 |a rakouské romány  |7 fd133222  |2 czenas 
655 7 |a dobrodružné romány  |7 fd132061  |2 czenas 
655 7 |a publikace pro děti  |7 fd133156  |2 czenas 
700 1 |a Mládeková, Eva,  |d 1949-  |7 xx0023790  |4 trl 
700 1 |a Lengyel, Ján,  |d 1947-  |7 mzk2004237962  |4 ill 
830 0 |a Klub mladých čitateľov 
910 |a BOA001  |b M2-0912.856 
990 |a BK 
991 |b 201601 
996 7 |b 2619119064  |c M2-0912.856  |l MZK  |r Sklad / do 24 hodin  |n 0  |w 001542235  |u 000010  |a 1  |e BOA001  |j MZK50  |s A